| 000 | 00681nam a22002057a 4500 | ||
|---|---|---|---|
| 003 | 0 | ||
| 005 | 20240809141122.0 | ||
| 008 | 240809b xxu||||| |||| 00| 0 eng d | ||
| 020 | _a979-8-89161-169-6 | ||
| 050 |
_aRA 440 _b.H39 2024 |
||
| 100 | _aHawkins, Sterling | ||
| 245 |
_aHealth education _cSterling Hawkins |
||
| 260 |
_aJersey City, United States of America _bAlexis Press, LLC. _c2024 |
||
| 300 |
_avii, 254 pages : _bcolored illustrations and pictures ; _c24cm. |
||
| 504 | _aIncludes bibliographical references, glossary, and index. | ||
| 650 | _aHealth education. | ||
| 650 | _aHealth education--study and teaching. | ||
| 650 | _aHealth | ||
| 942 |
_2lcc _cBK |
||
| 999 |
_c366073 _d366073 |
||